| 000 | 00456nam a2200145 i 4500 | ||
|---|---|---|---|
| 001 | 79929 | ||
| 003 | ES-MaACL | ||
| 005 | 20230906174102.0 | ||
| 007 | t| | ||
| 008 | 041025s1911 cl ||||1| spa d | ||
| 100 | 1 |
_aHesse, Carlos A. _963468 |
|
| 245 | 1 | 0 |
_aCiclos "siglo-semanal" Juliano y Gregoriano, con tres tablas mixtas para ambos calendarios / _cCarlos A. Hesse. |
| 260 |
_aIquique (Chile) : _b[s.n., _c1911] ( _fBini) |
||
| 852 |
_aES-MaACL _jT-1340-F-2 |
||
| 999 |
_c79929 _d79929 |
||